Tattoo and body piercing as forms of body art of high school students in private schools in Las Piñas, Muntinlupa and Parañaque / (Record no. 96218)
[ view plain ]
| 000 -LEADER | |
|---|---|
| fixed length control field | 00850nam a2200193 a 4500 |
| 003 - CONTROL NUMBER IDENTIFIER | |
| control field | 0 |
| 005 - DATE AND TIME OF LATEST TRANSACTION | |
| control field | 20250626090540.0 |
| 008 - FIXED-LENGTH DATA ELEMENTS--GENERAL INFORMATION | |
| fixed length control field | 021118s19uu xx 00 eng d |
| 050 ## - LIBRARY OF CONGRESS CALL NUMBER | |
| Classification number | PHS GT 2345 |
| Item number | .J38 1998 |
| 100 ## - MAIN ENTRY--PERSONAL NAME | |
| Personal name | Javier, Marien Karima S. |
| 245 ## - TITLE STATEMENT | |
| Title | Tattoo and body piercing as forms of body art of high school students in private schools in Las Piñas, Muntinlupa and Parañaque / |
| Statement of responsibility, etc | Marien Karima S. Javier. |
| 260 ## - PUBLICATION, DISTRIBUTION, ETC. (IMPRINT) | |
| Place of publication, distribution, etc | Las Piñas City, Philippines : |
| Name of publisher, distributor, etc | Southville International School and Colleges, |
| Date of publication, distribution, etc | 1998. |
| 300 ## - PHYSICAL DESCRIPTION | |
| Extent | 45 pages : |
| Other physical details | color illustrations ; |
| Dimensions | 29 cm. |
| 504 ## - BIBLIOGRAPHY, ETC. NOTE | |
| Bibliography, etc | Includes bibliographical references. |
| 650 ## - SUBJECT ADDED ENTRY--TOPICAL TERM | |
| Topical term or geographic name as entry element | Tattooing |
| General subdivision | Social aspects |
| Geographic subdivision | Philippines |
| -- | Las Piñas. |
| 650 ## - SUBJECT ADDED ENTRY--TOPICAL TERM | |
| Topical term or geographic name as entry element | Body piercing |
| General subdivision | Social aspects |
| Geographic subdivision | Philippines |
| -- | Muntinlupa. |
| 650 ## - SUBJECT ADDED ENTRY--TOPICAL TERM | |
| Topical term or geographic name as entry element | Body art |
| General subdivision | Social aspects |
| Geographic subdivision | Philippines |
| -- | Parañaque. |
| 942 ## - ADDED ENTRY ELEMENTS (KOHA) | |
| Source of classification or shelving scheme | Library of Congress Classification |
| Koha item type | PASS |
| Withdrawn status | Lost status | Source of classification or shelving scheme | Damaged status | Home library | Current library | Shelving location | Date acquired | Source of acquisition | Total Checkouts | Full call number | Barcode | Date last seen | Price effective from | Koha item type |
|---|---|---|---|---|---|---|---|---|---|---|---|---|---|---|
| Library of Congress Classification | Luxembourg Library | Luxembourg Library | Portfolio Assessment of SISC Students Section | 11/18/2002 | Donation | PHS GT 2345 .J38 1998 | P0142 | 08/15/2016 | 04/08/2014 | PASS |